| 000 | 01995nam0a2200385 4500 | ||
|---|---|---|---|
| 001 | RU\NLR\BIBL_A\011664513 | ||
| 005 | 20180528095708.0 | ||
| 010 |
_a978-5-906512-97-0 _940 |
||
| 021 |
_aRU _bКН-П-18-013320 _9КН-П-18-0958 |
||
| 035 | _a(NLR Aleph) 011664513 | ||
| 035 | _a(RuMoRGB)009554890 | ||
| 090 |
_a11200402 _c11200402 |
||
| 100 | _a20180326d2017 k y0rusy50 ca | ||
| 101 | 0 |
_arus _deng |
|
| 102 | _aRU | ||
| 105 | _aa|||z|||000yy | ||
| 200 | 1 |
_aДвухмерная тестовая модель защиты ТУК для отработавшего ядерного топлива _fИ.Р. Суслов, Е.В. Девкина, И.А. Лямцев, В.А. Чернов |
|
| 210 |
_aОбнинск _cГНЦ РФ-ФЭИ _d2017 |
||
| 215 |
_a17 с. _cил., табл. _d21 |
||
| 225 | 1 |
_aПрепринт _fГос. корпорация по атом. энергетики "Росатом", АО "Гос. науч. центр РФ - Физ.-энерг. ин-т им. А.И. Лейпунского" _vФЭИ-3278 |
|
| 300 | _aРез. на англ. яз. | ||
| 313 | _aТУК - транспортные упаковочные контейнеры | ||
| 320 | _aБиблиогр.: с. 10-11 (12 назв.) | ||
| 606 | 1 |
_aЯдерное топливо отработанное _xКонтейнерные перевозки _xТехника безопасности _2nlr_sh2 _3RU\NLR\AUTH\6601635448 |
|
| 606 | 1 |
_aКонтейнеры для отработанного ядерного топлива _xПроектирование _2nlr_sh2 _3RU\NLR\AUTH\6601635494 |
|
| 686 | 1 | _aО184.886-5-082н6 | |
| 686 | 1 | _aЛ362.09-5-02 | |
| 701 | 1 |
_aСуслов _bИ. Р. |
|
| 701 | 1 |
_aДевкина _bЕ. В. |
|
| 701 | 1 |
_aЛямцев _bИ. А. |
|
| 701 | 1 |
_aЧернов _bВ. А. _cканд. физ.-мат. наук _gВладимир Алексеевич _3RU\NLR\AUTH\770189072 |
|
| 942 | _cBOOK | ||
| 980 | _aNBR | ||
| 980 | _aNB | ||